[Event "TUR-chT"]
[Site "Ankara"]
[Date "2023.07.20"]
[Round "11.6"]
[White "Tarlabasi, Emirhan"]
[Black "Gurel, Ediz"]
[Result "1/2-1/2"]
[WhiteElo "2301"]
[BlackElo "2500"]
[PlyCount "64"]
[EventDate "2023.07.10"]
[EventType "team-tourn"]
[EventRounds "11"]
[EventCountry "TUR"]
[SourceTitle "EXT 2024"]
[Source "ChessBase"]
[SourceDate "2023.10.10"]
[SourceVersion "1"]
[SourceVersionDate "2023.10.10"]
[SourceQuality "1"]
[WhiteTeam "Tas Duvar"]
[BlackTeam "Turk Hava Yollari"]
[WhiteTeamCountry "TUR"]
[BlackTeamCountry "TUR"]

1. d4 d5 2. c4 c6 3. Nf3 Nf6 4. e3 Bf5 5. Bd3 Bg6 6. 0-0 e6 7. Qc2 Nbd7 8. Nbd2 Bh5 9. b3 Bd6 10. Bb2 Qb8 11. h3 0-0 12. Rac1 Re8 13. Rfe1 Qc7 14. c5 Bf8 15. b4 Bg6 16. Bxg6 hxg6 17. Bc3 b6 18. Rb1 Reb8 19. Rb3 Qc8 20. Qd3 a5 21. a3 axb4 22. axb4 Ra2 23. Rc1 Rba8 24. Bb2 b5 25. Ne1 Be7 26. Nc2 R2a4 27. Ra1 Bd8 28. Rba3 Rxa3 29. Rxa3 Bc7 30. Rxa8 Qxa8 31. Qa3 Qxa3 32. Nxa3 Nb8 1/2-1/2

[Event "TUR-chT"]
[Site "Ankara"]
[Date "2023.07.18"]
[Round "9.6"]
[White "Tarlabasi, Emirhan"]
[Black "Kilic, Eray"]
[Result "1/2-1/2"]
[WhiteElo "2301"]
[BlackElo "2422"]
[PlyCount "167"]
[EventDate "2023.07.10"]
[EventType "team-tourn"]
[EventRounds "11"]
[EventCountry "TUR"]
[SourceTitle "EXT 2024"]
[Source "ChessBase"]
[SourceDate "2023.10.10"]
[SourceVersion "1"]
[SourceVersionDate "2023.10.10"]
[SourceQuality "1"]
[WhiteTeam "Tas Duvar"]
[BlackTeam "Gokturk"]
[WhiteTeamCountry "TUR"]
[BlackTeamCountry "TUR"]

1. d4 Nf6 2. c4 e6 3. Nf3 d5 4. Nc3 Bb4 5. Bg5 dxc4 6. e3 b5 7. a4 c6 8. Nd2 Bb7 9. Be2 Nbd7 10. 0-0 a6 11. e4 e5 12. dxe5 Nxe5 13. f4 Nd3 14. Bxd3 Qxd3 15. e5 Nd5 16. Nde4 Qxd1 17. Rfxd1 h6 18. Bh4 0-0 19. Nd6 Bxc3 20. bxc3 Nxc3 21. Nxb7 Nxd1 22. Rxd1 Rab8 23. Na5 Rfc8 24. Be7 c5 25. Bd6 c3 26. Rc1 Rb6 27. Rxc3 b4 28. Rc2 b3 29. Rb2 c4 30. Ba3 c3 31. Rxb3 Rxb3 32. Nxb3 Rb8 33. Nc5 Rb1+ 34. Kf2 Ra1 35. Bb4 c2 36. Bd2 c1Q 37. Bxc1 Rxc1 38. Nxa6 Rc4 39. Ke3 g5 40. f5 Rxa4 41. Nc7 Ra5 42. Ke4 Ra2 43. Kf3 h5 44. Nd5 Ra3+ 45. Ke4 Ra4+ 46. Ke3 Kg7 47. Nf6 h4 48. h3 Rb4 49. Ne4 Rb3+ 50. Kd4 g4 51. hxg4 Rb2 52. Ke3 Rxg2 53. Kf3 Rg1 54. e6 fxe6 55. fxe6 h3 56. e7 h2 57. e8Q h1Q+ 58. Ke3 Re1+ 59. Kd4 Rd1+ 60. Kc5 Rc1+ 61. Kd5 Qd1+ 62. Ke5 Rc7 63. Qe6 Rf7 64. Nd6 Qe2+ 65. Kd5 Qa2+ 66. Ke5 Qa5+ 67. Ke4 Qb4+ 68. Ke5 Qf4+ 69. Kd5 Qf3+ 70. Ke5 Qe3+ 71. Kd5 Qxe6+ 72. Kxe6 Rf4 73. g5 Kg6 74. Ke5 Kxg5 75. Ne4+ Kg4 76. Nf6+ Kf3 77. Nd5 Ra4 78. Kf5 Ra5 79. Ke5 Ra8 80. Kd4 Kg4 81. Ke4 Ra4+ 82. Ke5 Ra5 83. Ke4 Rxd5 84. Kxd5 1/2-1/2

[Event "TUR-ch U20"]
[Site "Samsun"]
[Date "2023.05.23"]
[Round "7"]
[White "Akbas, Umut Ata"]
[Black "Tarlabasi, Emirhan"]
[Result "0-1"]
[WhiteElo "2417"]
[BlackElo "2300"]
[PlyCount "92"]
[EventDate "2023.05.19"]
[EventType "swiss"]
[EventRounds "9"]
[EventCountry "TUR"]
[SourceTitle "CBM 214 Extra"]
[Source "ChessBase"]
[SourceDate "2023.07.31"]
[SourceVersion "1"]
[SourceVersionDate "2023.07.31"]
[SourceQuality "1"]

1. d4 d5 2. Nf3 Nf6 3. Bf4 e6 4. e3 c5 5. Nbd2 Bd6 6. dxc5 Bxc5 7. c4 0-0 8. Be2 b6 9. 0-0 Bb7 10. a3 Nbd7 11. cxd5 Nxd5 12. Bg3 Be7 13. Rc1 Rc8 14. Nc4 N7f6 15. Nfd2 b5 16. Ne5 a6 17. a4 Rxc1 18. Qxc1 Qb6 19. axb5 axb5 20. Bf3 Rc8 21. Qb1 Nb4 22. Ne4 Nfd5 23. h4 f6 24. Nd3 Nxd3 25. Qxd3 b4 26. Ra1 f5 27. Nd2 Bf6 28. Ra2 Qc5 29. b3 Qc3 30. Qb5 Bc6 31. Qf1 h6 32. Be2 Qc5 33. Bc4 Re8 34. Qd3 Kh8 35. Ra6 Rd8 36. Qe2 Nc3 37. Qe1 e5 38. Ra1 Qd6 39. Nf3 f4 40. Bh2 Bxf3 41. gxf3 Bxh4 42. exf4 exf4 43. Ra6 Qc7 44. Qe6 Qc5 45. Kg2 Qxf2+ 46. Kh3 Qxf3+ 0-1

[Event "TUR-ch U20"]
[Site "Samsun"]
[Date "2023.05.21"]
[Round "4"]
[White "Tarlabasi, Emirhan"]
[Black "Coskun, Emre"]
[Result "1/2-1/2"]
[WhiteElo "2300"]
[BlackElo "1750"]
[PlyCount "202"]
[EventDate "2023.05.19"]
[EventType "swiss"]
[EventRounds "9"]
[EventCountry "TUR"]
[SourceTitle "CBM 214 Extra"]
[Source "ChessBase"]
[SourceDate "2023.07.31"]
[SourceVersion "1"]
[SourceVersionDate "2023.07.31"]
[SourceQuality "1"]

1. d4 Nf6 2. Nf3 e6 3. c4 b6 4. Nc3 Bb7 5. a3 Ne4 6. Qd3 Nxc3 7. bxc3 Be7 8. g3 0-0 9. Bg2 f5 10. 0-0 Be4 11. Qd2 Nc6 12. Qa2 Na5 13. d5 Qc8 14. Rd1 Bc5 15. Bf1 Bxf3 16. exf3 e5 17. Be3 Nb7 18. Re1 d6 19. Qc2 Qd7 20. Ra2 h6 21. Bc1 Kh8 22. Qb1 g5 23. Bd3 Qf7 24. Qc2 Rae8 25. a4 Qg6 26. Qd1 Qh5 27. Rf1 Qh3 28. Re1 Qh5 29. Bxf5 Rxf5 30. g4 Qh3 31. gxf5 Rf8 32. Be3 Rxf5 33. Bxc5 Nxc5 34. Re3 Rf4 35. Qf1 Qxf1+ 36. Kxf1 a5 37. Ra3 Rxc4 38. Kg2 Rxa4 39. Rxa4 Nxa4 40. c4 Kg7 41. Ra3 Nc5 42. h4 Kg6 43. hxg5 hxg5 44. Kh3 Kf5 45. Kg3 Kg6 46. Kg4 Nd7 47. Ra1 Nf6+ 48. Kg3 Nh5+ 49. Kg4 Nf6+ 50. Kg3 Nh5+ 51. Kg2 Nf4+ 52. Kh2 Kf5 53. Rh1 Kg6 54. Kg3 Nh5+ 55. Kg2 Nf4+ 56. Kf1 Kg7 57. Ke1 Nd3+ 58. Kd2 Nf4 59. Ke3 Ng6 60. Rh5 Ne7 61. Rxg5+ Kf7 62. Ke4 Ng6 63. Rh5 Ke7 64. Rh7+ Kd8 65. Rg7 Nf4 66. Rg8+ Kd7 67. Ke3 Ke7 68. Kd2 Kd7 69. Rh8 Ke7 70. Kc2 Ne2 71. Kb2 Kd7 72. Ka3 Ng1 73. f4 exf4 74. Rh7+ Kd8 75. Ka4 Ne2 76. Kb5 Nd4+ 77. Ka6 a4 78. Kb7 b5 79. cxb5 Nxb5 80. Rh4 Nc3 81. Kc6 a3 82. Rh8+ Ke7 83. Rh7+ Kf6 84. Rxc7 a2 85. Ra7 Ke5 86. Ra5 f3 87. Kd7 Nxd5 88. Rxa2 Nb6+ 89. Kc6 Nc4 90. Ra4 d5 91. Ra1 Nb2 92. Re1+ Kd4 93. Re3 Nc4 94. Re8 Ne5+ 95. Kb5 Ng4 96. Rf8 Ke4 97. Kc5 Nxf2 98. Re8+ Kd3 99. Kxd5 Ng4 100. Rf8 f2 101. Rxf2 Nxf2 1/2-1/2

[Event "Titled Tuesday intern op 16th May Late"]
[Site "Chess.com INT"]
[Date "2023.05.16"]
[Round "2"]
[White "Tarlabasi, Emirhan"]
[Black "Bortnyk, Mykola"]
[Result "0-1"]
[WhiteElo "2300"]
[BlackElo "2425"]
[PlyCount "72"]
[EventDate "2023.05.16"]
[EventType "swiss (blitz)"]
[EventRounds "11"]
[EventCountry "USA"]
[SourceTitle "CBM 214 Extra"]
[Source "ChessBase"]
[SourceDate "2023.07.31"]
[SourceVersion "1"]
[SourceVersionDate "2023.07.31"]
[SourceQuality "1"]

1. d4 Nf6 2. c4 e6 3. Nc3 Bb4 4. e3 0-0 5. Nf3 d5 6. Bd3 Re8 7. 0-0 b6 8. cxd5 exd5 9. Ne5 c5 10. f4 Ba6 11. Bxa6 Nxa6 12. Qa4 Nc7 13. Nc6 Qd7 14. Nxb4 Qxa4 15. Nxa4 cxb4 16. Bd2 Rab8 17. Rac1 Nb5 18. Rfe1 a5 19. Rc6 Ne4 20. Bc1 Re6 21. Rc2 g6 22. Kf1 h5 23. a3 b3 24. Rce2 Rc8 25. Bd2 Rc2 26. Rd1 Rec6 27. Be1 R2c4 28. Nxb6 Rxb6 29. Bxa5 Rbc6 30. Rd3 Rc1+ 31. Be1 R6c2 32. a4 Nbd6 33. a5 Ra1 34. Rxb3 Nd2+ 35. Kf2 N6e4+ 36. Kg1 Nxb3 0-1

[Event "Titled Tuesday intern op 11th Apr Late"]
[Site "Chess.com INT"]
[Date "2023.04.11"]
[Round "5"]
[White "Tarlabasi, Emirhan"]
[Black "Keymer, Vincent"]
[Result "1/2-1/2"]
[WhiteElo "2300"]
[BlackElo "2700"]
[PlyCount "90"]
[EventDate "2023.04.11"]
[EventType "swiss (blitz)"]
[EventRounds "11"]
[EventCountry "USA"]
[SourceTitle "CBM 213 Extra"]
[Source "ChessBase"]
[SourceDate "2023.05.31"]
[SourceVersion "1"]
[SourceVersionDate "2023.05.31"]
[SourceQuality "1"]

1. d4 Nf6 2. c4 e6 3. Nf3 d5 4. Nc3 c6 5. e3 Nbd7 6. Be2 Bd6 7. b3 0-0 8. Bb2 b6 9. 0-0 Bb7 10. Qc2 Re8 11. Rfd1 Qe7 12. Rac1 Rac8 13. e4 dxe4 14. Nxe4 Nxe4 15. Qxe4 Nf6 16. Qh4 h6 17. Re1 Bb4 18. Red1 Ba3 19. Bxa3 Qxa3 20. Rc2 Red8 21. Rcd2 c5 22. dxc5 Rxd2 23. Rxd2 Qxc5 24. Qd4 Ne4 25. Qxc5 Nxc5 26. h3 Kf8 27. b4 Na4 28. Rd7 Bxf3 29. gxf3 a5 30. a3 Nc3 31. Bf1 Nb1 32. Rb7 Rc6 33. c5 bxc5 34. bxa5 Nd2 35. a6 Nxf1 36. a7 Ra6 37. Rb8+ Ke7 38. a8Q Rxa8 39. Rxa8 Nd2 40. Rc8 c4 41. a4 Kd7 42. Rc5 Kd6 43. Rc8 Kd7 44. Rc5 Kd6 45. Rc8 Kd7 1/2-1/2

[Event "Titled Tuesday intern op 07th Feb Early"]
[Site "Chess.com INT"]
[Date "2023.02.07"]
[Round "8"]
[White "Skurikhin, Dmitrij"]
[Black "Tarlabasi, Emirhan"]
[Result "0-1"]
[WhiteElo "2297"]
[BlackElo "2300"]
[PlyCount "54"]
[EventDate "2023.02.07"]
[EventType "swiss (blitz)"]
[EventRounds "11"]
[EventCountry "USA"]
[SourceTitle "EXT 2024"]
[Source "ChessBase"]
[SourceDate "2023.10.10"]
[SourceVersion "1"]
[SourceVersionDate "2023.10.10"]
[SourceQuality "1"]

1. e4 e6 2. d4 d5 3. e5 f5 4. exf6 Nxf6 5. Nf3 c5 6. c3 Nc6 7. Bd3 Bd6 8. 0-0 0-0 9. Nbd2 Bd7 10. Re1 Qc7 11. Qe2 Rae8 12. Ne5 cxd4 13. Nxc6 bxc6 14. cxd4 e5 15. dxe5 Bxe5 16. Qf1 Bxh2+ 17. Kh1 Ng4 18. Rxe8 Bxe8 19. Nf3 Bh5 20. Bg5 h6 21. Bh4 g5 22. Nd4 gxh4 23. Ne6 Nxf2+ 24. Qxf2 Rxf2 25. Nxc7 Bxc7 26. Rc1 h3 27. gxh3 Bh2 0-1

[Event "Titled Tuesday intern op 07th Feb Early"]
[Site "Chess.com INT"]
[Date "2023.02.07"]
[Round "7"]
[White "Tarlabasi, Emirhan"]
[Black "Ilinca Ilinca, Felix Antonio"]
[Result "1-0"]
[WhiteElo "2300"]
[BlackElo "2227"]
[PlyCount "39"]
[EventDate "2023.02.07"]
[EventType "swiss (blitz)"]
[EventRounds "11"]
[EventCountry "USA"]
[SourceTitle "EXT 2024"]
[Source "ChessBase"]
[SourceDate "2023.10.10"]
[SourceVersion "1"]
[SourceVersionDate "2023.10.10"]
[SourceQuality "1"]

1. d3 e5 2. e4 Nf6 3. Bg5 h6 4. Bxf6 Qxf6 5. Nc3 c6 6. Qf3 Qxf3 7. Nxf3 d6 8. d4 exd4 9. Nxd4 Be7 10. 0-0-0 0-0 11. Bc4 Bf6 12. Kb1 Re8 13. Rhe1 b5 14. Ncxb5 cxb5 15. Bd5 a6 16. Bxa8 Bd7 17. Nf5 Bxf5 18. exf5 Rd8 19. Bb7 Be5 20. Rxe5 1-0

[Event "Titled Tuesday intern op 07th Feb Early"]
[Site "Chess.com INT"]
[Date "2023.02.07"]
[Round "1"]
[White "Tobares, Leandro"]
[Black "Tarlabasi, Emirhan"]
[Result "0-1"]
[WhiteElo "2189"]
[BlackElo "2300"]
[PlyCount "96"]
[EventDate "2023.02.07"]
[EventType "swiss (blitz)"]
[EventRounds "11"]
[EventCountry "USA"]
[SourceTitle "EXT 2024"]
[Source "ChessBase"]
[SourceDate "2023.10.10"]
[SourceVersion "1"]
[SourceVersionDate "2023.10.10"]
[SourceQuality "1"]

1. e4 e6 2. d3 d5 3. Nd2 Nf6 4. Ngf3 Be7 5. Be2 c5 6. 0-0 b6 7. exd5 exd5 8. c4 Bb7 9. Qa4+ Bc6 10. Qc2 Nbd7 11. d4 0-0 12. cxd5 Nxd5 13. Nc4 Bf6 14. Rd1 Qc7 15. dxc5 Nxc5 16. Nd4 Nb4 17. Qf5 Be4 18. Qf4 Qxf4 19. Bxf4 Bxd4 20. Rxd4 Nc2 21. Rxe4 Nxe4 22. Rd1 Rfd8 23. Bd3 Nb4 24. Be2 Rxd1+ 25. Bxd1 Rd8 26. Bf3 Nc5 27. a3 Nbd3 28. Bc7 Re8 29. h4 Re1+ 30. Kh2 Nxf2 31. Nd6 g6 32. Bd5 Ne6 33. Bb8 h5 34. Bxa7 Rd1 35. Bxe6 Rxd6 36. Bc4 Ng4+ 37. Kg3 Ne3 38. Bb5 Nf5+ 39. Kf4 Rd4+ 40. Kg5 Rd2 41. g4 Rg2 42. Bxb6 Kg7 43. Kf4 hxg4 44. Bd3 Rxb2 45. Bxf5 Rxb6 46. Bxg4 Ra6 47. h5 Ra4+ 48. Kg3 g5 0-1

[Event "Titled Tuesday intern op 24th Jan Late"]
[Site "Chess.com INT"]
[Date "2023.01.24"]
[Round "1"]
[White "Tarlabasi, Emirhan"]
[Black "Guerb, Leonid"]
[Result "0-1"]
[WhiteElo "2300"]
[BlackElo "2295"]
[PlyCount "88"]
[EventDate "2023.01.24"]
[EventType "swiss (blitz)"]
[EventRounds "11"]
[EventCountry "USA"]
[SourceTitle "EXT 2024"]
[Source "ChessBase"]
[SourceDate "2023.10.10"]
[SourceVersion "1"]
[SourceVersionDate "2023.10.10"]
[SourceQuality "1"]

1. Nf3 Nf6 2. c4 c5 3. b3 g6 4. Bb2 Bg7 5. g3 0-0 6. Bg2 Nc6 7. d4 Nxd4 8. Nxd4 cxd4 9. Qxd4 d6 10. 0-0 Nh5 11. Qd2 Bxb2 12. Qxb2 Qa5 13. Nc3 Nf6 14. Rad1 Rb8 15. Nb5 a6 16. Nxd6 exd6 17. Qxf6 Qxa2 18. Qxd6 Bg4 19. Qd2 Qxb3 20. h3 Bf5 21. g4 Be6 22. c5 Rfc8 23. Rb1 Qa3 24. Bxb7 Rxc5 25. Qd6 Rf8 26. Rbc1 Qxc1 27. Rxc1 Rxc1+ 28. Kg2 a5 29. Qd2 Rb1 30. Be4 Rb4 31. Bd3 Rfb8 32. f4 Bd5+ 33. Kg3 a4 34. f5 Kg7 35. Qc3+ f6 36. Qc7+ Bf7 37. fxg6 hxg6 38. Qc3 Rb3 39. g5 Rxc3 40. gxf6+ Kxf6 41. Kf4 Rxd3 42. exd3 a3 43. d4 a2 44. d5 a1Q 0-1

[Event "Titled Tuesday intern op 17th Jan Early"]
[Site "Chess.com INT"]
[Date "2023.01.17"]
[Round "1"]
[White "Tarlabasi, Emirhan"]
[Black "Lakshmi, Chidambaram"]
[Result "1-0"]
[WhiteElo "2300"]
[BlackElo "1974"]
[PlyCount "73"]
[EventDate "2023.01.17"]
[EventType "swiss (blitz)"]
[EventRounds "11"]
[EventCountry "USA"]
[SourceTitle "CBM 212 Extra"]
[Source "ChessBase"]
[SourceDate "2023.03.31"]
[SourceVersion "1"]
[SourceVersionDate "2023.03.31"]
[SourceQuality "1"]

1. d4 Nf6 2. c4 e6 3. Nf3 b6 4. g3 Bb7 5. Bg2 Be7 6. 0-0 0-0 7. Re1 Ne4 8. Nc3 f5 9. Qc2 Nxc3 10. Qxc3 Bf6 11. b3 d6 12. Bb2 Nd7 13. Qd2 Qe7 14. Rad1 Rad8 15. h4 e5 16. d5 Nc5 17. Qc2 f4 18. b4 Na6 19. a3 fxg3 20. fxg3 Bc8 21. Rf1 g6 22. Bc1 e4 23. Ng5 Be5 24. Nxe4 Bf5 25. Bg5 Qe8 26. Bxd8 Qxd8 27. Qd2 Qd7 28. Qg5 Nb8 29. g4 Bxg4 30. Rxf8+ Kxf8 31. Rf1+ Kg8 32. Qxe5 dxe5 33. Nf6+ Kg7 34. Nxd7 Bxd7 35. Kh2 Bf5 36. Bh3 Kf6 37. e4 1-0

[Event "Titled Tuesday intern op 17th Jan Early"]
[Site "Chess.com INT"]
[Date "2023.01.17"]
[Round "6"]
[White "Tarlabasi, Emirhan"]
[Black "Pasaribu, Ivan Maxmillian Put"]
[Result "0-1"]
[WhiteElo "2300"]
[BlackElo "2229"]
[PlyCount "64"]
[EventDate "2023.01.17"]
[EventType "swiss (blitz)"]
[EventRounds "11"]
[EventCountry "USA"]
[SourceTitle "CBM 212 Extra"]
[Source "ChessBase"]
[SourceDate "2023.03.31"]
[SourceVersion "1"]
[SourceVersionDate "2023.03.31"]
[SourceQuality "1"]

1. d4 d5 2. c4 c6 3. e3 Nf6 4. Nf3 a6 5. b3 Bg4 6. Bb2 Nbd7 7. Be2 e6 8. 0-0 b5 9. Nbd2 Bd6 10. Rc1 0-0 11. Ne5 Bxe2 12. Qxe2 bxc4 13. bxc4 c5 14. Nb3 cxd4 15. exd4 dxc4 16. Rxc4 Qb8 17. Rfc1 Qb5 18. Qf3 Nb6 19. Rc6 Bxe5 20. dxe5 Nfd5 21. Ba3 Rfc8 22. R1c5 Rxc6 23. Rxb5 axb5 24. Bc5 Rxa2 25. h4 Nd7 26. Bd6 Rcc2 27. Qd3 Rxf2 28. Qxb5 Rxg2+ 29. Kh1 Rh2+ 30. Kg1 Rag2+ 31. Kf1 Ne3+ 32. Ke1 Rh1+ 0-1

[Event "Titled Tuesday intern op 13th Dec Early"]
[Site "Chess.com INT"]
[Date "2022.12.13"]
[Round "7"]
[White "Grunberg, Mihai Lucian"]
[Black "Tarlabasi, Emirhan"]
[Result "1-0"]
[WhiteElo "2401"]
[BlackElo "2300"]
[PlyCount "113"]
[EventDate "2022.12.13"]
[EventType "swiss (blitz)"]
[EventRounds "11"]
[EventCountry "USA"]
[SourceTitle "EXT 2024"]
[Source "ChessBase"]
[SourceDate "2023.10.10"]
[SourceVersion "1"]
[SourceVersionDate "2023.10.10"]
[SourceQuality "1"]

1. Nf3 c5 2. c4 Nf6 3. d4 cxd4 4. Nxd4 g6 5. Nc3 Bg7 6. g3 0-0 7. Bg2 Nc6 8. 0-0 a6 9. Re1 Qc7 10. Nc2 d6 11. b3 Bf5 12. Ne3 Be6 13. Bb2 Rac8 14. Rc1 Rfd8 15. Ned5 Bxd5 16. cxd5 Ne5 17. f4 Ned7 18. e4 h5 19. h3 Qb6+ 20. Kh2 Nc5 21. Qe2 h4 22. g4 e5 23. dxe6 Nxe6 24. Rf1 d5 25. exd5 Nd4 26. Qf2 Nd7 27. Na4 Qa7 28. Rxc8 Rxc8 29. Rd1 Nb5 30. Qxa7 Nxa7 31. Bxg7 Kxg7 32. d6 Rc2 33. Kg1 b5 34. Re1 bxa4 35. Re7 axb3 36. axb3 Nb5 37. Rxd7 Rd2 38. Rd8 Rxd6 39. Rxd6 Nxd6 40. b4 Kf6 41. Kf2 g5 42. Ke3 gxf4+ 43. Kxf4 Ke6 44. Bf1 f6 45. Bxa6 Kd5 46. Be2 Kd4 47. b5 Kc5 48. g5 fxg5+ 49. Kxg5 Kb6 50. Kxh4 Nxb5 51. Bxb5 Kxb5 52. Kg5 Kc6 53. Kf6 Kd7 54. Kf7 Kd6 55. h4 Ke5 56. h5 Kf5 57. h6 1-0

[Event "Titled Tuesday intern op 13th Dec Early"]
[Site "Chess.com INT"]
[Date "2022.12.13"]
[Round "4"]
[White "Tarlabasi, Emirhan"]
[Black "Baches Garcia, Guillermo"]
[Result "1-0"]
[WhiteElo "2300"]
[BlackElo "2326"]
[PlyCount "47"]
[EventDate "2022.12.13"]
[EventType "swiss (blitz)"]
[EventRounds "11"]
[EventCountry "USA"]
[SourceTitle "EXT 2024"]
[Source "ChessBase"]
[SourceDate "2023.10.10"]
[SourceVersion "1"]
[SourceVersionDate "2023.10.10"]
[SourceQuality "1"]

1. Nf3 Nf6 2. c4 e6 3. b3 d5 4. Bb2 Be7 5. g3 0-0 6. Bg2 b6 7. 0-0 Bb7 8. d4 Nbd7 9. Nc3 a6 10. Qc2 Bd6 11. Nd2 c5 12. cxd5 cxd4 13. Nce4 Nxe4 14. Nxe4 Nf6 15. dxe6 Bxe4 16. Bxe4 Rc8 17. exf7+ Rxf7 18. Qd3 Nxe4 19. Qxe4 Bc5 20. Rad1 Qe8 21. Qg4 Rd8 22. Bxd4 h5 23. Qh4 Qxe2 24. Qxd8+ 1-0

[Event "Titled Tuesday intern op 06th Dec Early"]
[Site "Chess.com INT"]
[Date "2022.12.06"]
[Round "3"]
[White "Alahakoon, Isuru"]
[Black "Tarlabasi, Emirhan"]
[Result "0-1"]
[WhiteElo "1925"]
[BlackElo "2300"]
[PlyCount "70"]
[EventDate "2022.12.06"]
[EventType "swiss (blitz)"]
[EventRounds "11"]
[EventCountry "USA"]
[SourceTitle "CBM 211 Extra"]
[Source "ChessBase"]
[SourceDate "2023.01.31"]
[SourceVersion "1"]
[SourceVersionDate "2023.01.31"]
[SourceQuality "1"]

1. Nf3 c5 2. c3 Nf6 3. d4 e6 4. Be3 Qb6 5. Qc2 Nc6 6. Nbd2 d5 7. dxc5 Bxc5 8. Bxc5 Qxc5 9. e4 d4 10. Nb3 Qb6 11. Nbxd4 Bd7 12. Bd3 0-0 13. e5 Ng4 14. Bxh7+ Kh8 15. Qe4 f5 16. exf6 Nxf6 17. Qh4 Nxd4 18. Bg6+ Kg8 19. Nxd4 Qxb2 20. 0-0 Qxc3 21. Rac1 Qb4 22. Rb1 Qa4 23. Rxb7 Rab8 24. Rc7 Rfc8 25. Rxc8+ Rxc8 26. h3 Rc4 27. Qg3 Rxd4 28. Qb8+ Be8 29. Rc1 Rd1+ 30. Rxd1 Qxd1+ 31. Kh2 Qd7 32. g4 Kf8 33. g5 Nd5 34. h4 Qc7+ 35. Kg2 Qxb8 0-1

[Event "Titled Tuesday intern op 06th Dec Early"]
[Site "Chess.com INT"]
[Date "2022.12.06"]
[Round "5"]
[White "Garv, Gaur"]
[Black "Tarlabasi, Emirhan"]
[Result "0-1"]
[WhiteElo "1973"]
[BlackElo "2300"]
[PlyCount "174"]
[EventDate "2022.12.06"]
[EventType "swiss (blitz)"]
[EventRounds "11"]
[EventCountry "USA"]
[SourceTitle "CBM 211 Extra"]
[Source "ChessBase"]
[SourceDate "2023.01.31"]
[SourceVersion "1"]
[SourceVersionDate "2023.01.31"]
[SourceQuality "1"]

1. c4 c5 2. Nf3 Nf6 3. g3 b6 4. Bg2 Bb7 5. 0-0 e6 6. b3 Be7 7. d3 0-0 8. Bb2 d6 9. Nbd2 Nbd7 10. Qc2 a6 11. a3 Qc7 12. Rac1 Rac8 13. Rfd1 Qb8 14. Qb1 Rfd8 15. Qa1 Qa8 16. Nf1 b5 17. e4 h6 18. Ne3 Bc6 19. h3 Qb7 20. Rb1 Bf8 21. Bc3 Re8 22. Nd2 d5 23. e5 d4 24. Bxc6 Qxc6 25. exf6 dxc3 26. Qxc3 Nxf6 27. Re1 Red8 28. Rbd1 Be7 29. Nc2 Rd7 30. d4 Rcd8 31. dxc5 Bxc5 32. b4 Rd3 33. Qxd3 Bxf2+ 34. Kxf2 Rxd3 35. c5 Rxd2+ 36. Rxd2 Ne4+ 37. Rxe4 Qxe4 38. Ne3 f5 39. Rc2 f4 40. gxf4 Qxf4+ 41. Ke2 Qh2+ 42. Kd3 Qc7 43. c6 g5 44. Ke4 Kf7 45. Kd4 Kg6 46. Ng4 Qf4+ 47. Kd3 Qf3+ 48. Ne3 Qf8 49. c7 Qc8 50. Ke4 h5 51. Ke5 g4 52. hxg4 hxg4 53. Nxg4 Kf7 54. Ne3 Ke7 55. Rc5 Kd7 56. Nc2 Qh8+ 57. Ke4 Qh4+ 58. Kd3 Qh7+ 59. Kc3 Kc8 60. Nd4 Qh3+ 61. Kb2 Qg2+ 62. Nc2 e5 63. Rxe5 Kxc7 64. Rc5+ Kb6 65. Rc3 Qg7 66. Kb3 Qf6 67. Rd3 a5 68. Nd4 Qf7+ 69. Kb2 Qc4 70. Rd2 axb4 71. axb4 Qxb4+ 72. Nb3 Qc4 73. Rc2 Qd5 74. Rd2 Qe5+ 75. Ka2 b4 76. Rc2 Kb5 77. Rd2 Ka4 78. Rb2 Qd5 79. Kb1 Qxb3 80. Rxb3 Kxb3 81. Kc1 Ka2 82. Kc2 b3+ 83. Kc3 b2 84. Kc2 b1Q+ 85. Kc3 Qb2+ 86. Kc4 Ka3 87. Kc5 Qd2 0-1

[Event "Titled Tuesday intern op 06th Dec Early"]
[Site "Chess.com INT"]
[Date "2022.12.06"]
[Round "4"]
[White "Tarlabasi, Emirhan"]
[Black "Dudzinski, Pawel"]
[Result "1/2-1/2"]
[WhiteElo "2300"]
[BlackElo "2186"]
[PlyCount "73"]
[EventDate "2022.12.06"]
[EventType "swiss (blitz)"]
[EventRounds "11"]
[EventCountry "USA"]
[SourceTitle "CBM 211 Extra"]
[Source "ChessBase"]
[SourceDate "2023.01.31"]
[SourceVersion "1"]
[SourceVersionDate "2023.01.31"]
[SourceQuality "1"]

1. Nf3 g6 2. c4 Bg7 3. d4 f5 4. b3 Nf6 5. Bb2 0-0 6. g3 d6 7. Bg2 Ne4 8. Nc3 Nxc3 9. Bxc3 c6 10. Qc2 Qe8 11. e4 f4 12. 0-0 Bg4 13. d5 fxg3 14. fxg3 Bxf3 15. Rxf3 Nd7 16. Bxg7 Rxf3 17. Bxf3 Kxg7 18. Bg4 Ne5 19. Be6 Qd8 20. Qf2 Qb6 21. Rf1 Qxf2+ 22. Rxf2 c5 23. Kg2 a6 24. a4 a5 25. Rf4 Ra6 26. Bc8 Rb6 27. h4 h5 28. g4 hxg4 29. Bxg4 Rxb3 30. h5 Rb4 31. hxg6 Nxg6 32. Rf5 Rxc4 33. Rg5 Kh6 34. Rh5+ Kg7 35. Rg5 Kf6 36. Rf5+ Kg7 37. Rg5 1/2-1/2

[Event "Titled Tuesday intern op 29th Nov Early"]
[Site "Chess.com INT"]
[Date "2022.11.29"]
[Round "9"]
[White "Durarbayli, Vasif"]
[Black "Tarlabasi, Emirhan"]
[Result "1-0"]
[WhiteElo "2612"]
[BlackElo "2300"]
[PlyCount "87"]
[EventDate "2022.11.29"]
[EventType "swiss (blitz)"]
[EventRounds "11"]
[EventCountry "USA"]
[SourceTitle "EXT 2024"]
[Source "ChessBase"]
[SourceDate "2023.10.10"]
[SourceVersion "1"]
[SourceVersionDate "2023.10.10"]
[SourceQuality "1"]

1. e4 c5 2. Nf3 e6 3. d4 cxd4 4. Nxd4 Nf6 5. Nc3 Nc6 6. Ndb5 Bb4 7. a3 Bxc3+ 8. Nxc3 d5 9. exd5 Nxd5 10. Nxd5 exd5 11. Be2 Bf5 12. 0-0 d4 13. Bd3 Bxd3 14. Re1+ Ne7 15. cxd3 0-0 16. Qg4 Re8 17. Bg5 Qd6 18. Bxe7 Rxe7 19. Rxe7 Qxe7 20. Qxd4 a6 21. Qe3 Qf6 22. d4 Rd8 23. Rd1 h6 24. Qe4 Qb6 25. Rd2 Qa5 26. Qe3 Qa4 27. h3 Re8 28. Qf3 Qd7 29. d5 Qd6 30. g3 Re5 31. Kg2 h5 32. h4 g6 33. Kh2 Rf5 34. Qe4 Re5 35. Qf4 Kg7 36. Qd4 Kg8 37. b4 b6 38. Qc4 Re1 39. Qxa6 Qe5 40. Qa8+ Kg7 41. d6 Qc3 42. Qd5 Re5 43. Qxe5+ Qxe5 44. d7 1-0

[Event "Titled Tuesday intern op 29th Nov Early"]
[Site "Chess.com INT"]
[Date "2022.11.29"]
[Round "6"]
[White "Koridze, Lile"]
[Black "Tarlabasi, Emirhan"]
[Result "0-1"]
[WhiteElo "2139"]
[BlackElo "2300"]
[PlyCount "66"]
[EventDate "2022.11.29"]
[EventType "swiss (blitz)"]
[EventRounds "11"]
[EventCountry "USA"]
[SourceTitle "EXT 2024"]
[Source "ChessBase"]
[SourceDate "2023.10.10"]
[SourceVersion "1"]
[SourceVersionDate "2023.10.10"]
[SourceQuality "1"]

1. d4 Nf6 2. c4 e6 3. Nf3 c5 4. d5 exd5 5. cxd5 d6 6. Nbd2 g6 7. Nc4 b5 8. Ncd2 Bg7 9. e4 a6 10. Bd3 0-0 11. 0-0 Re8 12. h3 Nbd7 13. Rb1 c4 14. Bc2 Nc5 15. Re1 Qb6 16. Nd4 Nd3 17. Bxd3 Qxd4 18. Bc2 Nh5 19. Nf3 Qxd1 20. Rxd1 Bd7 21. g4 Nf6 22. Bf4 Nxe4 23. Bxe4 Rxe4 24. Bxd6 h5 25. Ng5 Re2 26. f3 hxg4 27. hxg4 Rxb2 28. Rxb2 Bxb2 29. Ne4 c3 30. Bf4 c2 31. Re1 f5 32. gxf5 Bxf5 33. Nc5 Bd4+ 0-1